MyGZULibrary

Introduction to film studies / (Record no. 8304)

MARC details
000 -LEADER
fixed length control field 01263cam a2200325 a 4500
001 - CONTROL NUMBER
control field 14489437
003 - CONTROL NUMBER IDENTIFIER
control field GZU
005 - DATE AND TIME OF LATEST TRANSACTION
control field 20210519101617.0
008 - FIXED-LENGTH DATA ELEMENTS--GENERAL INFORMATION
fixed length control field 060809s2007 enka b 001 0 eng
010 ## - LIBRARY OF CONGRESS CONTROL NUMBER
LC control number 2006026119
015 ## - NATIONAL BIBLIOGRAPHY NUMBER
National bibliography number GBA706299
Source bnb
016 7# - NATIONAL BIBLIOGRAPHIC AGENCY CONTROL NUMBER
Record control number 013650422
Source Uk
020 ## - INTERNATIONAL STANDARD BOOK NUMBER
International Standard Book Number 9780415409285 (pbk. : alk. paper)
035 ## - SYSTEM CONTROL NUMBER
System control number (OCoLC)ocm71004150
040 ## - CATALOGING SOURCE
Original cataloging agency DLC
Transcribing agency DLC
Modifying agency UKM
-- BAKER
-- BWKUK
-- BTCTA
-- YDXCP
-- NLGGC
-- BWK
-- VP@
-- DLC
050 00 - LIBRARY OF CONGRESS CALL NUMBER
Classification number PN1994
Item number .INT2007
082 00 - DEWEY DECIMAL CLASSIFICATION NUMBER
Classification number 791.43
Edition number 22
084 ## - OTHER CLASSIFICATION NUMBER
Classification number 24.31
Number source bcl
245 00 - TITLE STATEMENT
Title Introduction to film studies /
Statement of responsibility, etc. edited by Jill Nelmes ; foreword by Bill Nichols.
250 ## - EDITION STATEMENT
Edition statement 4th ed.
260 ## - PUBLICATION, DISTRIBUTION, ETC.
Place of publication, distribution, etc. London ;
-- New York :
Name of publisher, distributor, etc. Routledge,
Date of publication, distribution, etc. 2007.
300 ## - PHYSICAL DESCRIPTION
Extent xxii, 478 p. :
Other physical details ill. (some col.) ;
Dimensions 26 cm.
504 ## - BIBLIOGRAPHY, ETC. NOTE
Bibliography, etc. note Includes bibliographical references (p. [451]-469) and index.
650 #0 - SUBJECT ADDED ENTRY--TOPICAL TERM
Topical term or geographic name entry element Motion pictures.
700 1# - ADDED ENTRY--PERSONAL NAME
Personal name Nelmes, Jill,
Dates associated with a name 1954-
856 41 - ELECTRONIC LOCATION AND ACCESS
Materials specified Table of contents only
Uniform Resource Identifier <a href="http://www.loc.gov/catdir/toc/ecip0619/2006026119.html">http://www.loc.gov/catdir/toc/ecip0619/2006026119.html</a>
906 ## - LOCAL DATA ELEMENT F, LDF (RLIN)
a 7
b cbc
c orignew
d 1
e ecip
f 20
g y-gencatlg
942 ## - ADDED ENTRY ELEMENTS (KOHA)
Source of classification or shelving scheme Library of Congress Classification
Koha item type Books
Edition 4th ed.
Classification part 1994
Item part INT
Call number prefix PN
Holdings
Withdrawn status Lost status Damaged status Not for loan Collection code Home library Current library Shelving location Date acquired Total Checkouts Full call number Barcode Date last seen Copy number Price effective from Koha item type
        Non-fiction Mashava Campus Library Mashava Campus Library General Stacks 05/19/2021   PN1994INT2007 003762 05/19/2021 c.1 05/19/2021 Books